000 00446nam a2200145 4500
008 708 N162c
020 _a9789568415680
082 _a708
_bN162c
100 _aNajmanovich, Mariana
_96286
245 _aLa colonia
260 _aSantiago de Chile
_bMetales pesados
_c2016
300 _a40 p.
_bill. (col)
_c22 x 17 cm
650 _xarte contemporáneo
_xexhibiciones
_xcatálogo de exhibición
_xpintura
_xChile
_96287
700 _aSzmulewicz, Ignacio
_95957
999 _c1447
_d1447